<?xml version="1.0" encoding="UTF-8"?><marc:collection xmlns:marc="http://www.loc.gov/MARC21/slim">
  <marc:record>
    <marc:leader>03073cam a22006372c 4500</marc:leader>
    <marc:controlfield tag="001">021299439</marc:controlfield>
    <marc:controlfield tag="003">DE-627</marc:controlfield>
    <marc:controlfield tag="005">20260421180847.0</marc:controlfield>
    <marc:controlfield tag="007">tu</marc:controlfield>
    <marc:controlfield tag="008">860210s1983    au |||||      00| ||ger c</marc:controlfield>
    <marc:datafield tag="015" ind1=" " ind2=" ">
      <marc:subfield code="a">83,N48,0123</marc:subfield>
      <marc:subfield code="2">dnb</marc:subfield>
    </marc:datafield>
    <marc:datafield tag="015" ind1=" " ind2=" ">
      <marc:subfield code="a">84,A20,1139</marc:subfield>
      <marc:subfield code="2">dnb</marc:subfield>
    </marc:datafield>
    <marc:datafield tag="016" ind1="7" ind2=" ">
      <marc:subfield code="a">831192852</marc:subfield>
      <marc:subfield code="2">DE-101</marc:subfield>
    </marc:datafield>
    <marc:datafield tag="020" ind1=" " ind2=" ">
      <marc:subfield code="a">385214387X</marc:subfield>
      <marc:subfield code="9">3-85214-387-X</marc:subfield>
    </marc:datafield>
    <marc:datafield tag="035" ind1=" " ind2=" ">
      <marc:subfield code="a">(DE-627)021299439</marc:subfield>
    </marc:datafield>
    <marc:datafield tag="035" ind1=" " ind2=" ">
      <marc:subfield code="a">(DE-576)090476719</marc:subfield>
    </marc:datafield>
    <marc:datafield tag="035" ind1=" " ind2=" ">
      <marc:subfield code="a">(DE-599)GBV021299439</marc:subfield>
    </marc:datafield>
    <marc:datafield tag="035" ind1=" " ind2=" ">
      <marc:subfield code="a">(OCoLC)643746498</marc:subfield>
    </marc:datafield>
    <marc:datafield tag="035" ind1=" " ind2=" ">
      <marc:subfield code="a">(OCoLC)643746498</marc:subfield>
    </marc:datafield>
    <marc:datafield tag="035" ind1=" " ind2=" ">
      <marc:subfield code="a">(AT-OBV)AC04671526</marc:subfield>
    </marc:datafield>
    <marc:datafield tag="040" ind1=" " ind2=" ">
      <marc:subfield code="a">DE-627</marc:subfield>
      <marc:subfield code="b">ger</marc:subfield>
      <marc:subfield code="c">DE-627</marc:subfield>
      <marc:subfield code="e">rakwb</marc:subfield>
    </marc:datafield>
    <marc:datafield tag="041" ind1=" " ind2=" ">
      <marc:subfield code="a">ger</marc:subfield>
    </marc:datafield>
    <marc:datafield tag="044" ind1=" " ind2=" ">
      <marc:subfield code="c">XA-AT</marc:subfield>
    </marc:datafield>
    <marc:datafield tag="050" ind1=" " ind2="0">
      <marc:subfield code="a">DB785.I57</marc:subfield>
    </marc:datafield>
    <marc:datafield tag="082" ind1="0" ind2=" ">
      <marc:subfield code="a">943.6/2</marc:subfield>
    </marc:datafield>
    <marc:datafield tag="084" ind1=" " ind2=" ">
      <marc:subfield code="a">61</marc:subfield>
      <marc:subfield code="a">45</marc:subfield>
      <marc:subfield code="a">46</marc:subfield>
      <marc:subfield code="a">63</marc:subfield>
      <marc:subfield code="2">sdnb</marc:subfield>
    </marc:datafield>
    <marc:datafield tag="084" ind1=" " ind2=" ">
      <marc:subfield code="a">NR 8281</marc:subfield>
      <marc:subfield code="2">rvk</marc:subfield>
      <marc:subfield code="0">(DE-625)rvk/129893:</marc:subfield>
    </marc:datafield>
    <marc:datafield tag="084" ind1=" " ind2=" ">
      <marc:subfield code="a">RK 75013</marc:subfield>
      <marc:subfield code="2">rvk</marc:subfield>
      <marc:subfield code="0">(DE-625)rvk/142350:12584</marc:subfield>
    </marc:datafield>
    <marc:datafield tag="084" ind1=" " ind2=" ">
      <marc:subfield code="a">15.60</marc:subfield>
      <marc:subfield code="2">bkl</marc:subfield>
    </marc:datafield>
    <marc:datafield tag="245" ind1="0" ind2="4">
      <marc:subfield code="a">Das Innviertel</marc:subfield>
      <marc:subfield code="b">Oberösterreichs bayerisches Erbe</marc:subfield>
      <marc:subfield code="c">Franz Engl [Mitarb.]</marc:subfield>
    </marc:datafield>
    <marc:datafield tag="264" ind1=" " ind2="1">
      <marc:subfield code="a">Linz</marc:subfield>
      <marc:subfield code="b">OLV-Buchverlag</marc:subfield>
      <marc:subfield code="c">1983</marc:subfield>
    </marc:datafield>
    <marc:datafield tag="300" ind1=" " ind2=" ">
      <marc:subfield code="a">179 S</marc:subfield>
      <marc:subfield code="b">Ill</marc:subfield>
    </marc:datafield>
    <marc:datafield tag="336" ind1=" " ind2=" ">
      <marc:subfield code="a">Text</marc:subfield>
      <marc:subfield code="b">txt</marc:subfield>
      <marc:subfield code="2">rdacontent</marc:subfield>
    </marc:datafield>
    <marc:datafield tag="337" ind1=" " ind2=" ">
      <marc:subfield code="a">ohne Hilfsmittel zu benutzen</marc:subfield>
      <marc:subfield code="b">n</marc:subfield>
      <marc:subfield code="2">rdamedia</marc:subfield>
    </marc:datafield>
    <marc:datafield tag="338" ind1=" " ind2=" ">
      <marc:subfield code="a">Band</marc:subfield>
      <marc:subfield code="b">nc</marc:subfield>
      <marc:subfield code="2">rdacarrier</marc:subfield>
    </marc:datafield>
    <marc:datafield tag="500" ind1=" " ind2=" ">
      <marc:subfield code="a">Bibliography: p. 179</marc:subfield>
    </marc:datafield>
    <marc:datafield tag="583" ind1="1" ind2=" ">
      <marc:subfield code="a">Archivierung prüfen</marc:subfield>
      <marc:subfield code="c">20200919</marc:subfield>
      <marc:subfield code="f">DE-640</marc:subfield>
      <marc:subfield code="z">2</marc:subfield>
      <marc:subfield code="2">pdager</marc:subfield>
    </marc:datafield>
    <marc:datafield tag="583" ind1="1" ind2=" ">
      <marc:subfield code="a">Archivierung prüfen</marc:subfield>
      <marc:subfield code="c">20240324</marc:subfield>
      <marc:subfield code="f">DE-4165</marc:subfield>
      <marc:subfield code="z">1</marc:subfield>
      <marc:subfield code="2">pdager</marc:subfield>
    </marc:datafield>
    <marc:datafield tag="650" ind1=" " ind2="4">
      <marc:subfield code="a">Innviertel / A. Allgemeines</marc:subfield>
    </marc:datafield>
    <marc:datafield tag="650" ind1=" " ind2="4">
      <marc:subfield code="a">Innviertel / R.b. Architektur, Bautechnik</marc:subfield>
    </marc:datafield>
    <marc:datafield tag="650" ind1=" " ind2="4">
      <marc:subfield code="a">Architektur</marc:subfield>
    </marc:datafield>
    <marc:datafield tag="653" ind1=" " ind2="0">
      <marc:subfield code="a">Innviertel (Austria)</marc:subfield>
    </marc:datafield>
    <marc:datafield tag="689" ind1="0" ind2="0">
      <marc:subfield code="D">g</marc:subfield>
      <marc:subfield code="0">(DE-588)4027101-8</marc:subfield>
      <marc:subfield code="0">(DE-627)106286013</marc:subfield>
      <marc:subfield code="0">(DE-576)208969233</marc:subfield>
      <marc:subfield code="a">Innviertel</marc:subfield>
      <marc:subfield code="2">gnd</marc:subfield>
    </marc:datafield>
    <marc:datafield tag="689" ind1="0" ind2=" ">
      <marc:subfield code="5">DE-101</marc:subfield>
    </marc:datafield>
    <marc:datafield tag="700" ind1="1" ind2=" ">
      <marc:subfield code="8">1\p</marc:subfield>
      <marc:subfield code="a">Engl, Franz</marc:subfield>
      <marc:subfield code="d">1914-1995</marc:subfield>
      <marc:subfield code="e">Mitarb.</marc:subfield>
      <marc:subfield code="0">(DE-588)1142243729</marc:subfield>
      <marc:subfield code="0">(DE-627)100141361X</marc:subfield>
      <marc:subfield code="0">(DE-576)494746440</marc:subfield>
      <marc:subfield code="4">oth</marc:subfield>
    </marc:datafield>
    <marc:datafield tag="856" ind1="4" ind2="2">
      <marc:subfield code="u">http://d-nb.info/831192852/04</marc:subfield>
      <marc:subfield code="m">B:DE-101</marc:subfield>
      <marc:subfield code="q">application/pdf</marc:subfield>
      <marc:subfield code="v">20130501</marc:subfield>
      <marc:subfield code="x">Verlag</marc:subfield>
      <marc:subfield code="3">Inhaltsverzeichnis</marc:subfield>
      <marc:subfield code="7">1</marc:subfield>
    </marc:datafield>
    <marc:datafield tag="883" ind1=" " ind2=" ">
      <marc:subfield code="8">1\p</marc:subfield>
      <marc:subfield code="a">cgwrk</marc:subfield>
      <marc:subfield code="d">20241001</marc:subfield>
      <marc:subfield code="q">DE-101</marc:subfield>
      <marc:subfield code="u">https://d-nb.info/provenance/plan#cgwrk</marc:subfield>
    </marc:datafield>
    <marc:datafield tag="924" ind1="0" ind2=" ">
      <marc:subfield code="a">024001287</marc:subfield>
      <marc:subfield code="b">DE-700</marc:subfield>
      <marc:subfield code="9">700</marc:subfield>
      <marc:subfield code="c">GBV</marc:subfield>
      <marc:subfield code="d">c</marc:subfield>
      <marc:subfield code="g">4335-515 2</marc:subfield>
      <marc:subfield code="h">B-Freihand-Magazin</marc:subfield>
    </marc:datafield>
    <marc:datafield tag="924" ind1="0" ind2=" ">
      <marc:subfield code="a">3201155837</marc:subfield>
      <marc:subfield code="b">DE-24</marc:subfield>
      <marc:subfield code="9">24</marc:subfield>
      <marc:subfield code="c">BSZ</marc:subfield>
      <marc:subfield code="d">c</marc:subfield>
      <marc:subfield code="g">35/5048</marc:subfield>
    </marc:datafield>
    <marc:datafield tag="924" ind1="0" ind2=" ">
      <marc:subfield code="a">320115590X</marc:subfield>
      <marc:subfield code="b">DE-16</marc:subfield>
      <marc:subfield code="9">16</marc:subfield>
      <marc:subfield code="c">BSZ</marc:subfield>
      <marc:subfield code="d">c</marc:subfield>
      <marc:subfield code="g">84 A 3853</marc:subfield>
    </marc:datafield>
    <marc:datafield tag="924" ind1="0" ind2=" ">
      <marc:subfield code="a">3201155950</marc:subfield>
      <marc:subfield code="b">DE-N1</marc:subfield>
      <marc:subfield code="9">N 1</marc:subfield>
      <marc:subfield code="c">BSZ</marc:subfield>
      <marc:subfield code="d">b</marc:subfield>
      <marc:subfield code="g">8 Kk OBE 075/12</marc:subfield>
    </marc:datafield>
    <marc:datafield tag="935" ind1=" " ind2=" ">
      <marc:subfield code="i">Blocktest</marc:subfield>
    </marc:datafield>
    <marc:datafield tag="936" ind1="r" ind2="v">
      <marc:subfield code="a">NR 8281</marc:subfield>
      <marc:subfield code="b">Landes- und Landschaftsgeschichte</marc:subfield>
      <marc:subfield code="k">Geschichte</marc:subfield>
      <marc:subfield code="k">Landes- und Stadtgeschichte (Allgemeine, Deutsche und Österreichische Landes- und Stadtgeschichte, Ausländische Stadtgeschichte, Geschichte der Auslanddeutschen)</marc:subfield>
      <marc:subfield code="k">Österreichische Landesgeschichte</marc:subfield>
      <marc:subfield code="k">Oberösterreich</marc:subfield>
      <marc:subfield code="k">Landes- und Landschaftsgeschichte</marc:subfield>
      <marc:subfield code="0">(DE-627)1271474794</marc:subfield>
      <marc:subfield code="0">(DE-625)rvk/129893:</marc:subfield>
      <marc:subfield code="0">(DE-576)201474794</marc:subfield>
    </marc:datafield>
    <marc:datafield tag="936" ind1="r" ind2="v">
      <marc:subfield code="a">RK 75013</marc:subfield>
      <marc:subfield code="b">Bildbände, Filme, DVD</marc:subfield>
      <marc:subfield code="k">Geografie</marc:subfield>
      <marc:subfield code="k">Regionale Geografie</marc:subfield>
      <marc:subfield code="k">Europa</marc:subfield>
      <marc:subfield code="k">Mitteleuropa</marc:subfield>
      <marc:subfield code="k">Alpenländer</marc:subfield>
      <marc:subfield code="k">Österreich</marc:subfield>
      <marc:subfield code="k">Ober- und Niederösterreich</marc:subfield>
      <marc:subfield code="k">Unterlagen für die gesamte Geografie</marc:subfield>
      <marc:subfield code="k">Bibliografien und Nachschlagewerke</marc:subfield>
      <marc:subfield code="k">Bildbände, Filme, DVD</marc:subfield>
      <marc:subfield code="0">(DE-627)1270927531</marc:subfield>
      <marc:subfield code="0">(DE-625)rvk/142350:12584</marc:subfield>
      <marc:subfield code="0">(DE-576)200927531</marc:subfield>
    </marc:datafield>
    <marc:datafield tag="936" ind1="b" ind2="k">
      <marc:subfield code="a">15.60</marc:subfield>
      <marc:subfield code="j">Schweiz</marc:subfield>
      <marc:subfield code="j">Österreich-Ungarn</marc:subfield>
      <marc:subfield code="j">Österreich</marc:subfield>
      <marc:subfield code="x">Geschichte</marc:subfield>
      <marc:subfield code="q">coli-conc RVK-&gt;BK</marc:subfield>
      <marc:subfield code="q">https://coli-conc.gbv.de/api/mappings/dc195c06-ec1f-4383-8842-a17b07521aba</marc:subfield>
      <marc:subfield code="0">(DE-627)181571633</marc:subfield>
    </marc:datafield>
    <marc:datafield tag="951" ind1=" " ind2=" ">
      <marc:subfield code="a">BO</marc:subfield>
    </marc:datafield>
  </marc:record>
</marc:collection>
